[Event "XV C.to Mondiale Seniores Over 50"]
[Site "Acqui Terme ITA"]
[Date "2015.11.21"]
[Round "11"]
[White "Mohr, Georg"]
[Black "Berend, Fred"]
[WhiteElo "2443"]
[BlackElo "2347"]
[Result "1/2-1/2"]
[PlyCount "98"]
[EventDate "2015.11.10"]

1. Nf3 Nf6 2. d4 g6 3. g3 d5 4. Bg2 Bg7 5. O-O O-O 6. c4 c6 7. Qb3 Qb6 8. Nc3
Na6 9. Qxb6 axb6 10. cxd5 Nxd5 11. Nxd5 cxd5 12. Bd2 Bg4 13. e3 Rfd8 14. Rfc1
Bd7 15. Ne5 Be8 16. Nd3 e6 17. Bf1 Bf8 18. a3 Rdc8 19. Nf4 Bd6 20. Ne2 Bc6 21.
Nc3 Nc7 22. Na2 Ne8 23. Bb4 Ba4 24. Bxd6 Nxd6 25. Rxc8+ Rxc8 26. Rc1 Ra8 27.
Nc3 Kf8 28. Bd3 Ke7 29. Kf1 Bb3 30. Ke1 Bc4 31. Bc2 Rc8 32. Kd2 Ba6 33. b3 Bb5
34. Nxb5 Nxb5 35. Bd3 Nc7 36. g4 Kd6 37. h4 h6 38. f4 Rg8 39. a4 Na6 40. Bxa6
bxa6 41. b4 Kd7 42. Ke2 Rc8 43. Rxc8 Kxc8 44. Kf3 Kd7 45. h5 gxh5 46. g5 Ke7
47. Kg3 hxg5 48. fxg5 f6 49. Kh4 f5 1/2-1/2

[Event "XV C.to Mondiale Seniores Over 50"]
[Site "Acqui Terme ITA"]
[Date "2015.11.21"]
[Round "11"]
[White "Nikolic, Predrag"]
[Black "Arkell, Keith C"]
[WhiteElo "2603"]
[BlackElo "2499"]
[Result "1-0"]
[PlyCount "91"]
[EventDate "2015.11.10"]

1. d4 e6 2. c4 Bb4+ 3. Bd2 Bxd2+ 4. Qxd2 d5 5. Nf3 Nf6 6. g3 O-O 7. Bg2 Nbd7 8.
O-O c6 9. Qc2 b6 10. Nbd2 Bb7 11. e4 dxe4 12. Nxe4 Nxe4 13. Qxe4 Rb8 14. Rad1
Qc7 15. Ng5 Nf6 16. Qe5 Qxe5 17. dxe5 Ng4 18. Rfe1 Rfd8 19. Rxd8+ Rxd8 20. h3
Nh6 21. g4 Ba6 22. b3 c5 23. Be4 g6 24. a4 Kg7 25. a5 b5 26. cxb5 Bxb5 27. Rc1
a6 28. Rxc5 Rd1+ 29. Kh2 Ra1 30. Bb7 Ra3 31. b4 Ra4 32. Rc7 Kg8 33. Rc8+ Kg7
34. Ra8 Rxb4 35. Bxa6 Bc6 36. Ra7 Bd5 37. Bc8 Kg8 38. a6 Ra4 39. Bb7 Bc4 40.
Ne4 Ra3 41. Ra8+ Kg7 42. Nf6 Bf1 43. g5 Rxh3+ 44. Kg1 Bb5 45. gxh6+ Kxh6 46. f3
1-0

[Event "XV C.to Mondiale Seniores Over 50"]
[Site "Acqui Terme ITA"]
[Date "2015.11.21"]
[Round "11"]
[White "Sorm, Daniel"]
[Black "Mc Laren, Brian"]
[WhiteElo "2353"]
[BlackElo "2167"]
[Result "1-0"]
[PlyCount "67"]
[EventDate "2015.11.10"]

1. d4 d5 2. c4 e6 3. Nc3 c6 4. Nf3 dxc4 5. a4 Bb4 6. e3 b5 7. Bd2 a5 8. axb5
Bxc3 9. Bxc3 cxb5 10. b3 Bb7 11. bxc4 b4 12. Bb2 Nf6 13. Bd3 Nbd7 14. O-O O-O
15. Nd2 Re8 16. Bc2 e5 17. Ba4 exd4 18. exd4 Re7 19. d5 Ne5 20. Qb3 Nfd7 21.
Qg3 Ra6 22. Bc2 f6 23. Rfe1 Qe8 24. Ba4 Ng6 25. Nf3 Qd8 26. Nd4 Nc5 27. Bb5 Ra8
28. Nf5 Rxe1+ 29. Rxe1 Qf8 30. h4 a4 31. h5 a3 32. Bd4 b3 33. hxg6 h6 34. Qc7
1-0

[Event "XV C.to Mondiale Seniores Over 50"]
[Site "Acqui Terme ITA"]
[Date "2015.11.21"]
[Round "11"]
[White "Soylu, Suat"]
[Black "Cummings, David H"]
[WhiteElo "2377"]
[BlackElo "2307"]
[Result "1-0"]
[PlyCount "68"]
[EventDate "2015.11.10"]

1. e4 e5 2. Nf3 Nc6 3. Bb5 Nf6 4. d4 exd4 5. O-O a6 6. Ba4 Be7 7. e5 Ne4 8.
Nxd4 O-O 9. Nf5 Nc5 10. Qg4 g6 11. Bxc6 dxc6 12. Nxe7+ Qxe7 13. Qg3 Re8 14. Re1
Bf5 15. Nc3 Ne6 16. Nd1 Bxc2 17. Ne3 Nd4 18. Ng4 Kh8 19. Qc3 c5 20. Nf6 Bf5 21.
Bg5 Ne6 22. Qg3 Nxg5 23. Qxg5 Rg8 24. g4 Rg7 25. Qh6 Qe6 26. gxf5 gxf5+ 27. Kf1
Rd8 28. Qf4 Rd4 29. Qf3 f4 30. b3 Rg5 31. Rad1 Rxd1 32. Rxd1 Qxe5 33. Ne4 Rh5
34. Qg4 Qe6 1-0

[Event "XV C.to Mondiale Seniores Over 50"]
[Site "Acqui Terme ITA"]
[Date "2015.11.21"]
[Round "11"]
[White "Wiedenkeller, Michael"]
[Black "Berkovich, Mark A"]
[WhiteElo "2454"]
[BlackElo "2372"]
[Result "1-0"]
[PlyCount "67"]
[EventDate "2015.11.10"]

1. d4 Nf6 2. c4 e6 3. Nc3 Bb4 4. Qc2 O-O 5. e4 d5 6. e5 Ne4 7. Bd3 c5 8. Nf3
cxd4 9. Nxd4 Nd7 10. Bf4 Qh4 11. g3 Qh5 12. O-O Bxc3 13. bxc3 g5 14. cxd5 exd5
15. Bxe4 dxe4 16. e6 gxf4 17. exd7 Bxd7 18. Qxe4 Bh3 19. Rfb1 fxg3 20. hxg3
Rac8 21. Rb5 f5 22. Qe6+ Qf7 23. Rxb7 Qxe6 24. Nxe6 Rf6 25. Rg7+ Kh8 26. Re7
Bg4 27. Re1 h6 28. Re3 a6 29. Nf4 Bd1 30. Ra7 Bc2 31. Ree7 Be4 32. Rh7+ Kg8 33.
Rag7+ Kf8 34. Nh5 1-0

[Event "XV C.to Mondiale Seniores Over 65"]
[Site "Acqui Terme ITA"]
[Date "2015.11.10"]
[Round "1"]
[White "Anguera Maestro, Jaime"]
[Black "Bogdanov, Valentin"]
[WhiteElo "1998"]
[BlackElo "2374"]
[Result "0-1"]
[PlyCount "100"]
[EventDate "2015.11.10"]

1. d4 Nf6 2. Nf3 g6 3. c4 Bg7 4. Nc3 d5 5. e3 O-O 6. Be2 c6 7. O-O Bg4 8. Ne5
Bxe2 9. Qxe2 Nbd7 10. f4 Ne4 11. cxd5 Nxc3 12. bxc3 cxd5 13. Nxd7 Qxd7 14. Rb1
Rac8 15. Bd2 Rc6 16. Rb2 Rfc8 17. Rfb1 b6 18. Qd3 Bf8 19. Rb5 Rc4 20. R5b4 e5
21. Rxc4 dxc4 22. Qc2 exf4 23. exf4 Re8 24. Re1 Rxe1+ 25. Bxe1 Qe6 26. Kf2 Bd6
27. g3 b5 28. Qe2 Qxe2+ 29. Kxe2 f5 30. Bf2 a5 31. d5 b4 32. cxb4 axb4 33. Bd4
Kf7 34. Kd2 Ke8 35. a3 bxa3 36. Kc3 h5 37. Kxc4 h4 38. Kb3 h3 39. Ka2 Kd7 40.
Be3 Be7 41. Kb3 Bd6 42. Bd4 Ke7 43. Bf2 Kf7 44. Ka2 g5 45. fxg5 Kg6 46. Kb3 f4
47. gxf4 Bxf4 48. Kxa3 Bxh2 49. Kb3 Bd6 50. Bg1 Kxg5 0-1

[Event "XV C.to Mondiale Seniores Over 65"]
[Site "Acqui Terme ITA"]
[Date "2015.11.10"]
[Round "1"]
[White "Bernstein, Nathan"]
[Black "Birnboim, Nathan"]
[WhiteElo "1984"]
[BlackElo "2360"]
[Result "0-1"]
[PlyCount "85"]
[EventDate "2015.11.10"]

1. e3 d5 2. d4 Nf6 3. c4 g6 4. Nc3 Bg7 5. Nf3 O-O 6. Bd2 c5 7. dxc5 Na6 8. cxd5
Nxc5 9. Bc4 a6 10. a4 Bf5 11. Nd4 Bd3 12. b4 Bxc4 13. bxc5 Nxd5 14. Nxd5 Qxd5
15. Qf3 Qxc5 16. Rc1 b5 17. Bc3 Qa3 18. Kd2 b4 19. Ba1 Qd3+ 20. Ke1 Rac8 21.
Qd1 Qa3 22. Qd2 Qxa4 23. f4 a5 24. Kf2 Rfd8 25. Bb2 Qd7 26. Ra1 Rc5 27. Rhc1
Qc7 28. Qc2 Rc8 29. Qd2 e5 30. fxe5 Bxe5 31. g3 Qd7 32. Kg1 Ba6 33. Qe1 Bb7 34.
Rxc5 Rxc5 35. Rd1 Rd5 36. Qf2 a4 37. Qc2 b3 38. Qc4 Qg4 39. Rd2 Qe4 40. Kf2 Rd8
41. Qf1 Rd6 42. Qb5 Rf6+ 43. Ke2 0-1

[Event "XV C.to Mondiale Seniores Over 65"]
[Site "Acqui Terme ITA"]
[Date "2015.11.10"]
[Round "1"]
[White "Butnorius, Algimantas"]
[Black "Pitzl, Konstantinos"]
[WhiteElo "2360"]
[BlackElo "1987"]
[Result "1-0"]
[PlyCount "173"]
[EventDate "2015.11.10"]

1. Nf3 Nf6 2. c4 g6 3. Nc3 Bg7 4. e4 d6 5. d4 O-O 6. Be2 e5 7. O-O Nbd7 8. Re1
exd4 9. Nxd4 a6 10. Bg5 Nc5 11. Bf1 Ne6 12. Nxe6 Bxe6 13. Qd2 Qd7 14. Rad1 Ng4
15. c5 Rfc8 16. h3 Ne5 17. f4 h6 18. Bh4 Nc4 19. Qf2 b5 20. f5 Rf8 21. fxe6
fxe6 22. Qc2 Qc6 23. Bf2 Rxf2 24. Qxf2 Rf8 25. Qg3 Qxc5+ 26. Kh1 Ne5 27. Ne2 g5
28. Nd4 Rf6 29. Be2 Ng6 30. Nf3 Nf4 31. Bf1 Rf8 32. Rc1 Qb6 33. Rc2 c5 34. Qf2
Ng6 35. b4 Bd4 36. Qg3 Bg7 37. Rd1 Rf4 38. bxc5 dxc5 39. Rcd2 c4 40. Rd6 Qe3
41. Rxa6 Ne5 42. Ra8+ Bf8 43. Qe1 Qc5 44. Nxe5 Qxe5 45. Rdd8 Kg7 46. Qd1 Bc5
47. Be2 Qxe4 48. Bf3 Qe3 49. Rg8+ Kf6 50. Rgf8+ Bxf8 51. Rxf8+ Ke5 52. Rb8 Rd4
53. Rxb5+ Kf4 54. Qg1 Qxg1+ 55. Kxg1 Rd2 56. Rc5 Rxa2 57. Rxc4+ Ke5 58. Re4+
Kf6 59. Re2 Ra5 60. Kf2 Ra3 61. Rb2 Ra4 62. Bg4 Ra6 63. Rb3 Ra2+ 64. Kg3 Ra6
65. Rf3+ Kg6 66. Re3 Kf6 67. h4 Rb6 68. hxg5+ hxg5 69. Be2 Rb4 70. Bd3 Rd4 71.
Bc2 Rb4 72. Bb3 e5 73. Rf3+ Kg7 74. Be6 Kg6 75. Rb3 Rd4 76. Bg4 Rc4 77. Rb6+
Kg7 78. Bh5 Rc3+ 79. Kg4 Rc2 80. g3 e4 81. Rg6+ Kh7 82. Rxg5 Rc4 83. Re5 e3+
84. Kg5 Kg7 85. Re7+ Kg8 86. Rxe3 Rc5+ 87. Kh6 1-0

[Event "XV C.to Mondiale Seniores Over 65"]
[Site "Acqui Terme ITA"]
[Date "2015.11.10"]
[Round "1"]
[White "Davydov, Mihail"]
[Black "Balashov, Yuri S"]
[WhiteElo "2001"]
[BlackElo "2418"]
[Result "0-1"]
[PlyCount "58"]
[EventDate "2015.11.10"]

1. e4 c5 2. Nf3 Nc6 3. Bb5 g6 4. O-O Bg7 5. Re1 Nf6 6. c3 O-O 7. d4 d5 8. e5
Ne4 9. Be3 cxd4 10. cxd4 Qb6 11. Na3 a6 12. Bxc6 bxc6 13. Qc1 f6 14. Re2 Bg4
15. Rc2 Rac8 16. Nd2 Bf5 17. Nb3 fxe5 18. dxe5 Qc7 19. f4 Qd7 20. Qf1 g5 21. g3
Bg6 22. Qg2 c5 23. Nxc5 Nxc5 24. Rxc5 Rxc5 25. Bxc5 Be4 26. Qd2 gxf4 27. Re1
Qe6 28. Nc2 fxg3 29. Nd4 gxh2+ 0-1

[Event "XV C.to Mondiale Seniores Over 65"]
[Site "Acqui Terme ITA"]
[Date "2015.11.10"]
[Round "1"]
[White "El Gheiadi, Ibrahim"]
[Black "Harandi, Khosro"]
[WhiteElo "1990"]
[BlackElo "2366"]
[Result "0-1"]
[PlyCount "64"]
[EventDate "2015.11.10"]

1. e4 e5 2. Nf3 Nc6 3. Bc4 Bc5 4. d3 Nf6 5. Bg5 h6 6. Bh4 d6 7. h3 Be6 8. Bxe6
fxe6 9. c3 O-O 10. O-O Bb6 11. Nbd2 Qe8 12. Nc4 Nh5 13. Nxb6 axb6 14. Bg3 Qg6
15. Kh2 Rf6 16. Nh4 Qf7 17. a3 Rf8 18. Qe2 Nxg3 19. Kxg3 Ne7 20. b4 Rf4 21. Nf3
Qh5 22. Ra2 Rxf3+ 23. gxf3 Ng6 24. f4 exf4+ 25. Kh2 f3 26. Qe3 Nf4 27. Qxf4
Rxf4 28. Rg1 Qe5 29. d4 Qxe4 30. Raa1 Qc2 31. Kg3 Rf6 32. Rac1 Qd2 0-1

[Event "XV C.to Mondiale Seniores Over 65"]
[Site "Acqui Terme ITA"]
[Date "2015.11.10"]
[Round "1"]
[White "Gromark, Per-Olof"]
[Black "Maryasin, Boris"]
[WhiteElo "1983"]
[BlackElo "2335"]
[Result "1/2-1/2"]
[PlyCount "70"]
[EventDate "2015.11.10"]

1. Nf3 c5 2. b3 d6 3. d4 cxd4 4. Nxd4 Nf6 5. c4 g6 6. Bb2 Bg7 7. e3 O-O 8. Be2
Nc6 9. O-O Bd7 10. Nc3 a6 11. Rc1 Qa5 12. a3 Rac8 13. b4 Qg5 14. f4 Qh4 15. Nf3
Qh6 16. Nd5 Nxd5 17. Bxg7 Qxg7 18. cxd5 Na7 19. Nd4 Nb5 20. Bxb5 Bxb5 21. Rf2
Ba4 22. Qd2 Rfe8 23. Rff1 Qf8 24. Rxc8 Rxc8 25. Rc1 Qd8 26. Rc3 Qd7 27. h3 e5
28. dxe6 fxe6 29. Qc1 Rxc3 30. Qxc3 Bc6 31. Nxc6 Qxc6 32. Qd4 Qc1+ 33. Kh2 Qxa3
34. e4 a5 35. bxa5 Qxa5 1/2-1/2

[Event "XV C.to Mondiale Seniores Over 65"]
[Site "Acqui Terme ITA"]
[Date "2015.11.10"]
[Round "1"]
[White "Karasev, Vladimir I"]
[Black "Saucedo, Ivan"]
[WhiteElo "2344"]
[BlackElo "1984"]
[Result "1-0"]
[PlyCount "39"]
[EventDate "2015.11.10"]

1. Nf3 d6 2. d4 g6 3. e4 Bg7 4. Bc4 Nf6 5. Qe2 O-O 6. Nc3 c6 7. Bb3 Qc7 8. e5
dxe5 9. dxe5 Ng4 10. e6 f6 11. h3 Nh6 12. g4 Na6 13. Be3 Rd8 14. Rd1 Kh8 15.
Rxd8+ Qxd8 16. O-O Nc7 17. Rd1 Qg8 18. Bf4 Nxe6 19. Qe3 g5 20. Bc7 1-0

[Event "XV C.to Mondiale Seniores Over 65"]
[Site "Acqui Terme ITA"]
[Date "2015.11.10"]
[Round "1"]
[White "Kupreichik, Viktor D"]
[Black "Bobbia, Mario"]
[WhiteElo "2369"]
[BlackElo "1997"]
[Result "1-0"]
[PlyCount "58"]
[EventDate "2015.11.10"]

1. e4 c5 2. Nf3 e6 3. Nc3 Nc6 4. d4 cxd4 5. Nxd4 a6 6. g3 Qc7 7. Bg2 Nf6 8. O-O
Nxd4 9. Qxd4 Bc5 10. Qd3 O-O 11. Bg5 Be7 12. a4 d6 13. Rfd1 Rd8 14. a5 Nd5 15.
Nxd5 exd5 16. Bxe7 Qxe7 17. Qxd5 Be6 18. Qd3 Rac8 19. b3 g6 20. c4 f6 21. Qc3
Rc7 22. Rd3 Rdc8 23. Rad1 Rd7 24. Qd2 Rcd8 25. f4 Kg7 26. Qb4 Qf8 27. Bf3 h5
28. Kg2 Qe7 29. e5 Ra8 1-0

[Event "XV C.to Mondiale Seniores Over 65"]
[Site "Acqui Terme ITA"]
[Date "2015.11.10"]
[Round "1"]
[White "Okhotnik, Vladimir"]
[Black "De Haro, Martim Afonso Palma"]
[WhiteElo "2442"]
[BlackElo "2002"]
[Result "1-0"]
[PlyCount "43"]
[EventDate "2015.11.10"]

1. Nf3 c5 2. e4 g6 3. c3 Bg7 4. d4 cxd4 5. cxd4 d5 6. e5 Nc6 7. Bb5 Bg4 8.
Bxc6+ bxc6 9. Nbd2 f6 10. h3 Bxf3 11. Nxf3 fxe5 12. Nxe5 Bxe5 13. dxe5 Qa5+ 14.
Bd2 Qa6 15. h4 e6 16. Qg4 c5 17. h5 Ne7 18. hxg6 Kd7 19. Rxh7 Rxh7 20. gxh7 Qd3
21. Qg7 Qe4+ 22. Kd1 1-0

[Event "XV C.to Mondiale Seniores Over 65"]
[Site "Acqui Terme ITA"]
[Date "2015.11.10"]
[Round "1"]
[White "Sollid, Stein"]
[Black "Zhelnin, Vladimir V"]
[WhiteElo "2006"]
[BlackElo "2469"]
[Result "0-1"]
[PlyCount "86"]
[EventDate "2015.11.10"]

1. e4 c5 2. Nf3 d6 3. Bb5+ Nd7 4. d4 Ngf6 5. Nc3 a6 6. Bxd7+ Nxd7 7. O-O g6 8.
Bg5 Bg7 9. Qd2 cxd4 10. Nxd4 h6 11. Bh4 Ne5 12. b3 g5 13. Bg3 Nc6 14. Nde2 Be6
15. Rad1 Qa5 16. Nd5 Qxd2 17. Rxd2 Rc8 18. Nb6 Rd8 19. Rfd1 f5 20. exf5 Bxf5
21. c4 O-O 22. Nd5 Kf7 23. f3 b5 24. Rc1 bxc4 25. Rxc4 Ne5 26. Ra4 Ra8 27. Nb6
Ra7 28. Nd4 Bg6 29. Bxe5 Bxe5 30. Nc6 Bc3 31. Nxa7 Bxd2 32. Nc4 Bc3 33. Nc6 a5
34. N4xa5 d5 35. Kf2 Rc8 36. Ke3 e5 37. Ke2 Ke6 38. b4 Bc2 39. Ra3 d4 40. Rxc3
dxc3 41. Na7 Rd8 42. b5 Ba4 43. N5c6 Rd2+ 0-1

[Event "XV C.to Mondiale Seniores Over 65"]
[Site "Acqui Terme ITA"]
[Date "2015.11.10"]
[Round "1"]
[White "Vaisser, Anatoly"]
[Black "Blaushtain, Boris"]
[WhiteElo "2505"]
[BlackElo "2006"]
[Result "1-0"]
[PlyCount "47"]
[EventDate "2015.11.10"]

1. d4 Nf6 2. c4 e6 3. Nc3 d5 4. cxd5 exd5 5. Bg5 Nbd7 6. e3 c6 7. Bd3 Bd6 8.
Nf3 O-O 9. Qc2 h6 10. Bh4 Re8 11. g4 Nf8 12. g5 hxg5 13. Nxg5 Ne6 14. O-O-O
Nxg5 15. Bxg5 Bg4 16. Be2 Bxe2 17. Qxe2 Be7 18. Rdg1 Nh7 19. h4 Bxg5 20. hxg5
Nxg5 21. Qh5 f6 22. f4 Ne6 23. Rg6 Qe7 24. f5 1-0

[Event "XV C.to Mondiale Seniores Over 65"]
[Site "Acqui Terme ITA"]
[Date "2015.11.10"]
[Round "1"]
[White "Vasiukov, Evgeni"]
[Black "Doubleday, William G"]
[WhiteElo "2392"]
[BlackElo "2001"]
[Result "1-0"]
[PlyCount "95"]
[EventDate "2015.11.10"]

1. e4 c5 2. a3 e5 3. Bc4 Nf6 4. Nc3 d6 5. d3 Be7 6. f4 Nc6 7. Nf3 Nd4 8. fxe5
Nxf3+ 9. Qxf3 dxe5 10. O-O Qd6 11. Nb5 Qb8 12. Qg3 O-O 13. Bg5 Nh5 14. Qh4 Bxg5
15. Qxh5 Bf4 16. g3 Be3+ 17. Kg2 Be6 18. Bxe6 fxe6 19. Rxf8+ Qxf8 20. Rf1 Qe8
21. Qxe8+ Rxe8 22. Re1 a6 23. Nd6 Rd8 24. Nxb7 Rd7 25. Rxe3 Rxb7 26. b3 Kf7 27.
Rf3+ Ke7 28. g4 g5 29. Rh3 Kd6 30. Kf2 Rf7+ 31. Rf3 Rf4 32. h3 a5 33. Ke2 Kc6
34. c3 Kb5 35. a4+ Kc6 36. Rf1 Kd6 37. Rb1 Rf7 38. b4 cxb4 39. cxb4 axb4 40.
Rxb4 Ra7 41. Kd2 h6 42. Kc3 Kc6 43. Kc4 Rd7 44. a5 Rd4+ 45. Kc3 Rd8 46. Rb6+
Kd7 47. a6 Ra8 48. Kb4 1-0

[Event "XV C.to Mondiale Seniores Over 65"]
[Site "Acqui Terme ITA"]
[Date "2015.11.11"]
[Round "2"]
[White "Archangelsky, Mikhail"]
[Black "Kupreichik, Viktor D"]
[WhiteElo "2110"]
[BlackElo "2369"]
[Result "0-1"]
[PlyCount "71"]
[EventDate "2015.11.10"]

1. d4 Nf6 2. Bf4 d6 3. Nc3 Nbd7 4. Nf3 Nh5 5. Bg5 h6 6. Bh4 g5 7. Bg3 f5 8. e3
Bg7 9. Bc4 Ndf6 10. d5 c5 11. Nd2 a6 12. a4 Bd7 13. Be2 Nxg3 14. hxg3 O-O 15.
a5 e6 16. Nc4 exd5 17. Nxd5 Bc6 18. Ndb6 Rb8 19. Qxd6 Bxg2 20. Qe6+ Kh8 21. Rh2
Bc6 22. Ne5 Qe8 23. Bc4 Qxe6 24. Bxe6 Ng4 25. Nxc6 bxc6 26. Rh1 Bxb2 27. Rb1
Bc3+ 28. Ke2 Rf6 29. Bb3 Rd8 30. Nc4 f4 31. gxf4 gxf4 32. Rh4 f3+ 33. Kf1 Rg6
34. Ba4 Rdg8 35. Rh1 Rd8 36. Bb3 0-1

[Event "XV C.to Mondiale Seniores Over 65"]
[Site "Acqui Terme ITA"]
[Date "2015.11.11"]
[Round "2"]
[White "Balashov, Yuri S"]
[Black "Mojzis, Jaroslav"]
[WhiteElo "2418"]
[BlackElo "2101"]
[Result "1-0"]
[PlyCount "117"]
[EventDate "2015.11.10"]

1. d4 Nf6 2. c4 e6 3. Nf3 b6 4. Nc3 Bb7 5. a3 d5 6. cxd5 exd5 7. Bf4 Bd6 8. Bg3
O-O 9. e3 Re8 10. Bd3 a6 11. O-O Bxg3 12. hxg3 Nbd7 13. b4 c5 14. bxc5 bxc5 15.
dxc5 Nxc5 16. Na4 Nxd3 17. Qxd3 Qa5 18. Nc3 Rac8 19. Rfc1 Ne4 20. Ne2 Rxc1+ 21.
Rxc1 h6 22. Qb3 Bc8 23. Ned4 Nf6 24. Qb4 Qxb4 25. axb4 Bd7 26. Rc7 Rb8 27. Ne5
Be8 28. Nec6 Bxc6 29. Nxc6 Rb6 30. f3 Ne8 31. Rc8 Kf8 32. Kf2 f6 33. Ke2 Kf7
34. Kd3 Nd6 35. Rc7+ Kf8 36. Nd4 Rxb4 37. Ne6+ Ke8 38. Nxg7+ Kf8 39. Ne6+ Ke8
40. Ra7 Rb3+ 41. Ke2 Rb2+ 42. Kf1 Nf5 43. Nc7+ Kf8 44. Nxd5 Nxg3+ 45. Kg1 h5
46. Rxa6 Rb1+ 47. Kh2 Nf1+ 48. Kh3 Kg7 49. Nxf6 Nxe3 50. Nxh5+ Kf7 51. g4 Rh1+
52. Kg3 Nd5 53. Ra7+ Kg8 54. Rd7 Nc3 55. Nf6+ Kf8 56. g5 Ne2+ 57. Kg4 Rg1+ 58.
Kf5 Nf4 59. Rd8+ 1-0

[Event "XV C.to Mondiale Seniores Over 65"]
[Site "Acqui Terme ITA"]
[Date "2015.11.11"]
[Round "2"]
[White "Birnboim, Nathan"]
[Black "Biller, Helmut"]
[WhiteElo "2360"]
[BlackElo "2082"]
[Result "1-0"]
[PlyCount "49"]
[EventDate "2015.11.10"]

1. d4 Nf6 2. c4 e6 3. g3 d5 4. Bg2 c6 5. Nf3 Nbd7 6. Qc2 Be7 7. O-O O-O 8. b3
b6 9. Rd1 Bb7 10. Nc3 Qc7 11. Bf4 Bd6 12. Bxd6 Qxd6 13. e4 dxe4 14. Nxe4 Qc7
15. Nxf6+ Nxf6 16. c5 b5 17. a4 a5 18. Qe2 b4 19. Ne5 Rad8 20. Nc4 Ba6 21. Qe5
Qc8 22. Nxa5 Nd5 23. Qe1 Nc3 24. Nxc6 Nxd1 25. Ne7+ 1-0

[Event "XV C.to Mondiale Seniores Over 65"]
[Site "Acqui Terme ITA"]
[Date "2015.11.11"]
[Round "2"]
[White "Bogdanov, Valentin"]
[Black "Zhelesny, Stanislav"]
[WhiteElo "2374"]
[BlackElo "2096"]
[Result "1/2-1/2"]
[PlyCount "60"]
[EventDate "2015.11.10"]

1. d4 Nf6 2. c4 g6 3. Nc3 d5 4. Nf3 Bg7 5. Qb3 dxc4 6. Qxc4 O-O 7. e4 c6 8. Qb3
Nbd7 9. a4 a5 10. Be2 Nb6 11. Qc2 Bg4 12. Be3 Rc8 13. Rd1 Bxf3 14. gxf3 Qc7 15.
f4 e6 16. h4 h5 17. Rg1 Rfe8 18. Rc1 Qe7 19. Qd3 Nbd7 20. f5 exf5 21. exf5 Nf8
22. Kd2 Nd5 23. Nxd5 cxd5 24. Rxc8 Rxc8 25. Qb5 Qxh4 26. Qxb7 Qd8 27. Bg5 Qc7
28. Qxc7 Rxc7 29. Be3 Rb7 30. Kc2 Rb4 1/2-1/2

[Event "XV C.to Mondiale Seniores Over 65"]
[Site "Acqui Terme ITA"]
[Date "2015.11.11"]
[Round "2"]
[White "Gosch, Manfred"]
[Black "Pritchett, Craig W"]
[WhiteElo "2088"]
[BlackElo "2334"]
[Result "0-1"]
[PlyCount "72"]
[EventDate "2015.11.10"]

1. Nf3 Nf6 2. c4 b6 3. d4 e6 4. Bg5 Bb4+ 5. Nbd2 Bb7 6. a3 Bxd2+ 7. Qxd2 h6 8.
Bxf6 Qxf6 9. h4 O-O 10. Rh3 c5 11. Rd1 Nc6 12. g4 Nxd4 13. Nxd4 Qxd4 14. Qxd4
cxd4 15. Rxd4 Bc6 16. Rc3 a5 17. e3 a4 18. Kd2 Ra5 19. Kc2 f5 20. g5 hxg5 21.
hxg5 Kf7 22. Rh4 Raa8 23. c5 bxc5 24. Rxc5 Rh8 25. Rxh8 Rxh8 26. Bb5 Bxb5 27.
Rxb5 Rh2 28. Rb4 Rxf2+ 29. Kc3 Re2 30. Rxa4 Rxe3+ 31. Kc2 e5 32. b4 f4 33. Kd2
Rb3 34. Ke2 Ke6 35. Ra6+ d6 36. Rb6 Rxa3 0-1

[Event "XV C.to Mondiale Seniores Over 65"]
[Site "Acqui Terme ITA"]
[Date "2015.11.11"]
[Round "2"]
[White "Gundersen, Helge"]
[Black "Okhotnik, Vladimir"]
[WhiteElo "2141"]
[BlackElo "2442"]
[Result "0-1"]
[PlyCount "64"]
[EventDate "2015.11.10"]

1. e4 g6 2. f4 d5 3. Nc3 dxe4 4. Nxe4 Nh6 5. Nf3 Bg7 6. g3 Bf5 7. Qe2 O-O 8.
Bg2 Nc6 9. c3 Qc8 10. h3 Bxe4 11. Qxe4 Nf5 12. Kf2 f6 13. d3 e5 14. Rf1 Qd7 15.
Be3 Nxe3 16. Qxe3 Bh6 17. Qe4 exf4 18. gxf4 Rad8 19. Rad1 Rfe8 20. Qc4+ Kg7 21.
Nh2 Ne7 22. Ng4 b5 23. Qe4 Qd6 24. Nxh6 Kxh6 25. Rfe1 Nf5 26. Qxe8 Qxf4+ 27.
Kg1 Rxe8 28. Rxe8 Qg3 29. Re2 Nh4 30. Rf2 f5 31. d4 f4 32. Rdf1 f3 0-1

[Event "XV C.to Mondiale Seniores Over 65"]
[Site "Acqui Terme ITA"]
[Date "2015.11.11"]
[Round "2"]
[White "Harandi, Khosro"]
[Black "Lebel, Patrick"]
[WhiteElo "2366"]
[BlackElo "2092"]
[Result "1-0"]
[PlyCount "69"]
[EventDate "2015.11.10"]

1. e4 g6 2. d4 Bg7 3. Nf3 c5 4. Be2 cxd4 5. Nxd4 Nc6 6. Nb3 Nf6 7. Nc3 O-O 8.
O-O d6 9. Bg5 Be6 10. Re1 Rc8 11. Bf1 Re8 12. Nd5 Ne5 13. Nxf6+ Bxf6 14. Bxf6
exf6 15. Nd4 d5 16. exd5 Qxd5 17. Nxe6 Qxe6 18. c3 Qb6 19. Qb3 Qxb3 20. axb3 a6
21. f4 Nc6 22. Rxe8+ Rxe8 23. Rd1 Kf8 24. Kf2 Rd8 25. Rxd8+ Nxd8 26. g3 Ke7 27.
b4 f5 28. Ke3 f6 29. Bc4 h6 30. Bd5 Kd6 31. Kd4 b6 32. c4 Nc6+ 33. Bxc6 Kxc6
34. c5 b5 35. h3 1-0

[Event "XV C.to Mondiale Seniores Over 65"]
[Site "Acqui Terme ITA"]
[Date "2015.11.11"]
[Round "2"]
[White "Haubt, Georg"]
[Black "Vaisser, Anatoly"]
[WhiteElo "2145"]
[BlackElo "2505"]
[Result "0-1"]
[PlyCount "68"]
[EventDate "2015.11.10"]

1. d4 d5 2. Bg5 c6 3. e3 Qb6 4. b3 Bf5 5. Bd3 Bxd3 6. Qxd3 Nd7 7. Nf3 Ngf6 8.
Nbd2 g6 9. O-O Bg7 10. e4 dxe4 11. Nxe4 O-O 12. Rfe1 h6 13. Nxf6+ Nxf6 14. Bh4
Rfe8 15. Rad1 Rad8 16. c4 Qa5 17. Qc2 g5 18. Bg3 g4 19. Re5 Qb6 20. Nh4 Rxd4
21. Nf5 Rxd1+ 22. Qxd1 e6 23. Nxg7 Kxg7 24. Bh4 Rd8 25. Qc1 Qd4 26. Re1 Rd7 27.
Qb1 Ne4 28. h3 g3 29. Rxe4 Qxe4 30. Qa1+ Qd4 31. Qxd4+ Rxd4 32. Bxg3 Rd2 33. a4
Rd1+ 34. Kh2 Rb1 0-1

[Event "XV C.to Mondiale Seniores Over 65"]
[Site "Acqui Terme ITA"]
[Date "2015.11.11"]
[Round "2"]
[White "Meizlin, Yaacov"]
[Black "Karasev, Vladimir I"]
[WhiteElo "2095"]
[BlackElo "2344"]
[Result "1/2-1/2"]
[PlyCount "48"]
[EventDate "2015.11.10"]

1. c4 e5 2. Nc3 Bb4 3. Qc2 Nc6 4. e3 Nf6 5. Nd5 Bc5 6. Nf3 d6 7. a3 a5 8. Be2
h6 9. Rb1 O-O 10. O-O e4 11. Ne1 Bf5 12. d3 Re8 13. Nxf6+ Qxf6 14. dxe4 Bxe4
15. Bd3 Bxd3 16. Nxd3 Qf5 17. b4 axb4 18. axb4 Bb6 19. Bb2 Ne5 20. Bxe5 Rxe5
21. Rfc1 Ree8 22. c5 dxc5 23. bxc5 Ba5 24. Rxb7 Red8 1/2-1/2

[Event "XV C.to Mondiale Seniores Over 65"]
[Site "Acqui Terme ITA"]
[Date "2015.11.11"]
[Round "2"]
[White "Schouten, Nico"]
[Black "Vasiukov, Evgeni"]
[WhiteElo "2120"]
[BlackElo "2392"]
[Result "0-1"]
[PlyCount "104"]
[EventDate "2015.11.10"]

1. d4 f5 2. Nf3 g6 3. c4 Nf6 4. Nc3 Bg7 5. Bg5 d6 6. e3 c6 7. Qc2 Qa5 8. Be2
Ne4 9. O-O Nxg5 10. Nxg5 O-O 11. Nf3 e5 12. a3 Nd7 13. Rad1 Qd8 14. dxe5 dxe5
15. c5 Qe7 16. b4 e4 17. Nd2 Ne5 18. Nc4 Be6 19. Na4 Bxc4 20. Bxc4+ Kh8 21. Be2
b5 22. cxb6 axb6 23. Nxb6 Rxa3 24. Rb1 Qa7 25. Qc5 Ra2 26. Rfe1 Rb8 27. Nc4
Qxc5 28. bxc5 Rxb1 29. Rxb1 Rxe2 30. Kf1 Rc2 31. Rb8+ Bf8 32. Nxe5 Kg7 33. Nxc6
Bxc5 34. Nb4 Rc4 35. Nd5 Rc1+ 36. Ke2 Rc2+ 37. Ke1 g5 38. Rb7+ Kg6 39. Rb1 f4
40. Rb3 Kf5 41. h3 Ke5 42. Nb4 Bxb4+ 43. Rxb4 fxe3 44. fxe3 Rxg2 45. Rb5+ Kf6
46. Rb6+ Kg7 47. Re6 Rh2 48. Rxe4 Rxh3 49. Kf2 h5 50. Ra4 g4 51. Ra6 Rf3+ 52.
Ke2 Rf6 0-1